| 000 | 00748nam a22001577a 4500 | ||
|---|---|---|---|
| 003 | OSt | ||
| 005 | 20150906145301.0 | ||
| 008 | 150906b xxu||||| |||| 00| 0 eng d | ||
| 040 | _cRUA | ||
| 082 | _aAGR សុន 1992 B004 Or.1 | ||
| 100 |
_9113 _aសុន ដារ៉ា |
||
| 245 | _aសិក្សាលើប្រសិទ្ធភាព នៃការធ្វើសំណាកក្នុងការប្រមូលទិន្នន័យអំពីទិន្នផលនិងទិន្នធាតុទាំងឡាយនាការពិសោធន៍ និងប្រៀបធៀបពូជស្រូវកណ្ដាល | ||
| 260 |
_aphnom penh _bRUA _c1991 |
||
| 300 |
_a55p. _bill. _c29cm |
||
| 942 |
_2ddc _cAGR |
||
| 999 |
_c103 _d103 |
||